000 00911nam a2200265 i 4500
001 106444
003 ES-MaACL
005 20250822235159.0
007 t|
008 061121s1991 sp a |||| | spa d
020 _a84-7483-859-2
080 _a903/904:069(460.27 M.)
080 _a737.1:069.5(460.27 M.)
100 1 _aAlfaro Asíns, Carmen.
_919810
245 1 0 _aNumismática y medallística /
_cCarmen Alfaro Asíns.
260 _aMadrid :
_bMuseo Arqueológico Nacional,
_c[1991]
300 _ap. 163-188 :
_bil. ;
_c30 cm.
500 _aTomo II, Separata IV.
595 _aSeparata de: Guía general / Museo Arqueológico Nacional, t. II (1991)
650 1 4 _aMonedas-
_zMuseo Arqueológico Nacional (España)
_915161
650 7 _aNumismática
_2embne
_915648
710 2 _aMuseo Arqueológico Nacional (España)
_95827
852 _aES-MaACL
_j2198-F-22
_bR.138178
999 _c106444
_d106444